| 000 | 01433cam a2200349 a 4500 | ||
|---|---|---|---|
| 999 |
_c146 _d146 |
||
| 001 | 16202724 | ||
| 003 | OSt | ||
| 005 | 20230221170023.0 | ||
| 008 | 100422s2010 ctua b 001 0 eng | ||
| 010 | _a 2010017389 | ||
| 020 | _a9781607950318 | ||
| 020 | _a1607950316 | ||
| 035 | _a(DNLM)101529457 | ||
| 040 |
_aDNLM/DLC _cDLC _dDLC |
||
| 042 | _apcc | ||
| 050 | 0 | 0 |
_aQM471 _b.W55 2010 |
| 060 | 1 | 0 |
_aWL 330 _bC8913 2010 |
| 082 | 0 | 0 | _aWL330 C85p 2010 |
| 100 |
_aWilson-Pauwels, Linda [et...al] _916456 |
||
| 245 | 0 | 0 |
_aCranial Nerves: _bfunction and dysfunction |
| 250 | _a3rd ed. | ||
| 260 |
_aShelton, Conn. : _bPeople's Medical Pub. House, _c2010. |
||
| 300 |
_ax, 247 p. : _bcol. ill. ; _c29 cm. |
||
| 504 | _aIncludes bibliographical references and index. | ||
| 505 | 0 | _aOlfactory nerve -- Optic nerve -- Oculomotor nerve -- Trochlear nerve -- Trigeminal nerve -- Abducens nerve -- Facial nerve -- Vestibulocochlear nerve -- Glossopharyngeal nerve -- Vagus nerve -- Accessory nerve -- Hypoglossal nerve -- Coordinated eye movements and clinical testing of the somatic motor components of cranial nerves III, IV, and VI. | |
| 650 | 0 |
_aNerves. _9390 |
|
| 650 | 1 | 2 |
_aCranial Nerves _xanatomy & histology. _9391 |
| 730 | 0 |
_aCranial nerves in health and disease. _9393 |
|
| 906 |
_a7 _bcbc _corignew _d1 _eecip _f20 _gy-gencatlg |
||
| 942 |
_2z _cB_BANK |
||